| 000 | 00422nam a2200169Ia 4500 | ||
|---|---|---|---|
| 008 | 230524s9999 xx 000 0 und d | ||
| 082 |
_a4.16 _bSIE |
||
| 100 | _aKathy Sierra | ||
| 245 | 0 | _aSCJP -Sun Certified Programmer for JAVA-6 Study Guide | |
| 250 | _a8TH | ||
| 260 |
_aNEW YORK _bMGH _c2010 |
||
| 300 | _aXXXVI;851 | ||
| 500 | _aQuantity Number: 2 | ||
| 650 | _aComp-Sc | ||
| 700 | _a Bert Bates | ||
| 942 | _cBK | ||
| 999 |
_c48524 _d48524 |
||